| 000 | 01051 a2200289 4500 | ||
|---|---|---|---|
| 999 |
_c10591 _d10591 |
||
| 020 | _a9780128121061 | ||
| 020 | _a0128121068 | ||
| 050 | 0 | 0 | _aSF281.BEA2019 |
| 100 | 1 |
_aBeaver, Bonnie V. G., _d1944- _eauthor. |
|
| 245 | 1 | 0 |
_aEquine Behavioral Medicine / _cBonnie V. Beaver. |
| 264 | 1 |
_aLondon, United Kingdom : _bElsevier/Academic Press, _c2019. |
|
| 300 |
_axv, 381 pages : _billustrations ; |
||
| 336 |
_atext _btxt _2rdacontent |
||
| 337 |
_aunmediated _bn _2rdamedia |
||
| 338 |
_avolume _bnc _2rdacarrier |
||
| 500 | _aIncludes bibliographical references and index. | ||
| 504 | _aIncludes bibliographical references and index. | ||
| 650 | 0 |
_aHorses _xBehavior. |
|
| 650 | 0 |
_aHorses _xDiseases _xTreatment. |
|
| 650 | 0 | _aVeterinary medicine. | |
| 650 | 1 | 2 | _aHorses. |
| 650 | 1 | 2 | _aBehavior, Animal. |
| 650 | 2 | 2 | _aBehavioral Medicine. |
| 650 | 7 | _aVeterinary medicine. | |
| 942 |
_2lcc _cBK _h281 _iBEA _kSF |
||